000 00763nab a2200229 u 4500
001 20016
003 HDC
007 cr bn ---aaaaa
008 210303c |r|noo 0 a d
040 _aHDC
245 0 _aISLAMIC FINANCE NOT ONLY FOR MUSLIM COUNTRIES- INDRAWATI
260 _a[No place] :
_b[publisher not identified],
_c2016
336 _atext
_2rdacontent
337 _acomputer
_2rdamedia
338 _aonline resource
_2rdacarrier
650 _aHalal certificate
_9482
650 _aIslamic finance
_9181
856 _zRequest full-text at [email protected]
942 _2lcc
942 _cNEWS
942 _kNWSO 009897
999 _c17332
_d17332